| 000 | 00333nam a22001337a 4500 | ||
|---|---|---|---|
| 003 | SGT | ||
| 020 | _a978-0-500-28557-2 | ||
| 082 |
_a746.432 _bBLA |
||
| 100 | _aBALCK, SANDY | ||
| 245 | _aThe Art of Knitting Inspirational Stitches, Textures and Surfaces | ||
| 260 |
_aUSA _bTHAMES & HUDSON _c2015 |
||
| 300 | _a318 | ||
| 942 |
_2ddc _cBK |
||
| 999 |
_c24718 _d24718 |
||